| 000 | 00623nam a2200181 i 4500 | ||
|---|---|---|---|
| 001 | 105668 | ||
| 003 | ES-MaACL | ||
| 007 | t| | ||
| 008 | 060803s1968 mx ||||1| spa d | ||
| 080 | _a821.134.2-31"19" | ||
| 100 | 1 |
_aGranell, Eugenio F. _959617 |
|
| 245 | 1 | 0 |
_aLo que sucedió... / _cE. F. Granell ; [portada e ilustraciones del autor]. |
| 260 |
_aMéxico : _bEspaña Errante, _c1968. |
||
| 300 |
_a423 p. ; _c21 cm. |
||
| 500 | _aEn port.: Novela ganadora del Premio "Don Quijote 1967" | ||
| 500 | _aBiblioteca Juan Andrade. | ||
| 852 |
_aES-MaACL _jAND-484 _bR.109787 _q. - Ded. autógr. del autor a Juan Andrade |
||
| 999 |
_c105668 _d105668 |
||